TB OF PHYSIOLOGY-1 (Record no. 1259)
[ view plain ]
| 000 -LEADER | |
|---|---|
| fixed length control field | 00340nam a2200145Ia 4500 |
| 008 - FIXED-LENGTH DATA ELEMENTS--GENERAL INFORMATION | |
| fixed length control field | 150201s2011 xx 000 0 und d |
| 082 ## - DEWEY DECIMAL CLASSIFICATION NUMBER | |
| Classification number | 612 |
| Item number | P11J |
| 100 ## - MAIN ENTRY--PERSONAL NAME | |
| Personal name | JAIN, A.K. |
| 245 ## - TITLE STATEMENT | |
| Title | TB OF PHYSIOLOGY-1 |
| 250 ## - EDITION STATEMENT | |
| Edition statement | 4TH |
| 260 ## - PUBLICATION, DISTRIBUTION, ETC. (IMPRINT) | |
| Name of publisher, distributor, etc. | ARICHAL PUB. |
| Place of publication, distribution, etc. | DELHI |
| Date of publication, distribution, etc. | 2011 |
| 300 ## - PHYSICAL DESCRIPTION | |
| Extent | 1-602 |
| 650 ## - SUBJECT ADDED ENTRY--TOPICAL TERM | |
| Topical term or geographic name as entry element | HUMAN PHYSIOLOGY |
| 942 ## - ADDED ENTRY ELEMENTS (KOHA) | |
| Source of classification or shelving scheme | Dewey Decimal Classification |
| Koha item type | Books |
| Koha issues (borrowed), all copies | 192 |
| Withdrawn status | Lost status | Source of classification or shelving scheme | Damaged status | Not for loan | Collection code | Home library | Current library | Shelving location | Date acquired | Source of acquisition | Cost, normal purchase price | Serial Enumeration / chronology | SGTU | Bill Number | Total Checkouts | Total Renewals | Full call number | Barcode | Date last seen | Date last checked out | Bill Date | Koha item type |
|---|---|---|---|---|---|---|---|---|---|---|---|---|---|---|---|---|---|---|---|---|---|---|
| Dewey Decimal Classification | MEDICAL | SGT Medical Library | SGT Medical Library | Text Book | 11/11/2011 | UBS | 550.00 | 1 | SGTU | 518 | 93 | 2 | 612 P11J | FM4783 | 21/04/2026 | 17/04/2026 | 17/11/2011 | Books | ||||
| Dewey Decimal Classification | MEDICAL | SGT Medical Library | SGT Medical Library | Text Book | 11/11/2011 | UBS | 550.00 | 1 | SGTU | 518 | 86 | 612 P11J | FM4784 | 25/03/2026 | 25/03/2026 | 17/11/2011 | Books | |||||
| Dewey Decimal Classification | MEDICAL | SGT Medical Library | SGT Medical Library | Text Book | 11/11/2011 | UBS | 550.00 | 1 | SGTU | 518 | 71 | 2 | 612 P11J | FM4785 | 15/12/2025 | 10/12/2025 | 17/11/2011 | Books | ||||
| Dewey Decimal Classification | MEDICAL | SGT Medical Library | SGT Medical Library | Text Book | 11/11/2011 | UBS | 550.00 | 1 | SGTU | 518 | 74 | 612 P11J | FM4786 | 16/12/2025 | 15/12/2025 | 17/11/2011 | Books | |||||
| Dewey Decimal Classification | MEDICAL | SGT Medical Library | SGT Medical Library | Text Book | 11/11/2011 | UBS | 550.00 | 1 | SGTU | 518 | 89 | 612 P11J | FM4787 | 16/12/2025 | 28/11/2025 | 17/11/2011 | Books |